000 00331nam a22001457a 4500
020 _a 978-8131204528
041 _aENG
100 _aJ F Richardson
245 _aChemical Engineering Vol -3
260 _aBurlingtin
_bButterworth - Heinemann
_c2006
300 _a776
650 _aAPE
700 _aD,G Peacock
856 _uAPE
999 _c3237
_d3237